| 000 | 01261cam a2200217ua 4500 | ||
|---|---|---|---|
| 003 | OSt | ||
| 008 | 220125b ||||| |||| 00| 0 eng d | ||
| 020 | _a9788123905013 | ||
| 041 | _aeng | ||
| 082 |
_a631.372 _bLIL/TR |
||
| 100 |
_aLiljedahl, John B . _95153 |
||
| 245 | _aTractors and their power units / | ||
| 250 | _a4 / | ||
| 260 |
_aNew Delhi : _bC B S Publishers & Distributers , _c2002. |
||
| 300 | _a462 ; . | ||
| 505 | _aCHAPTER 1 DEVELOPMENT OF THE TRACTOR 2 THERMODYNAMIC PRINCIPLES OF INTERNAL-COMBUSTION ENGINES 3 INTERNAL-COMBUSTION ENGINE CYCLES 4 FUELS AND COMBUSTION 5 ENGINE DESIGN 6 ELECTRICAL SYSTEMS 7 ENGINE ACCESSORIES 8 LUBRICATION 9 HUMAN FACTORS IN TRACTOR DESIGN 10 TRACTION 11 MECHANICS OF THE TRACTOR CHASSIS 12 HYDRAULIC SYSTEMS AND CONTROLS 13 TRANSMISSIONS AND DRIVE TRAINS 14 TRACTOR TESTS AND PERFORMANCE | ||
| 700 | 1 |
_aHoki, Makato. _95154 |
|
| 700 | 1 |
_aSmith, David W. _95155 |
|
| 700 | 1 |
_aTurnquist, Paul K. _95156 |
|
| 942 | _cBK | ||
| 999 |
_c3271 _d3271 |
||